Widok standardowy
Widok MARC
Pozycja Personal Name
Liczba rekordów, w których użyto hasła: 1
001 - Numer kontrolny
- control field: 40419
003 - Identyfikator numeru kontrolnego
- control field: NUKAT
005 - Data i czas ostatniej modyfikacji
- control field: 20260422200229.0
008 - Dane kontrolne kodowane (40 znaków)
- fixed length control field: 990417n||a|znnaabn |a aaa |c
010 ## - Numer kontrolny Biblioteki Kongresu
- numer kontrolny LC: n 99051574
040 ## - Instytucja sporządzająca rekord
- inst. przygot. dane do rek. khw: WA U/RET
- język haseł przedmiotowych/tezaurus: kaba
- inst. wprow. rek. khw: WA U/BM
- inst. modyf. rek. khw: POZN U/KK
- inst. modyf. rek. khw: WA U/JEKs
- inst. modyf. rek. khw: KR U/BB
100 1# - Hasło - nazwa osobowa
- nazwa osobowa w formie ujednoliconej: Nowodworski, Michał
- daty biograficzne: (1831-1896).
400 0# - Trop zob. - nazwa osobowa
- nazwa osobowa (nazwisko, imiona): Ksiądz M. N.
400 1# - Trop zob. - nazwa osobowa
- nazwa osobowa (nazwisko, imiona): Nowodworski, M.
670 ## - Źródło informacji
- źródło informacji: Kp. Encyklopedja kościelna. T. 1-33 / wydana przez Michała Nowodworskiego. - Warszawa, 1873-1933.
670 ## - Źródło informacji
- źródło informacji: NEP. - 1995-
670 ## - Źródło informacji
- źródło informacji: PSB. - 1935-
670 ## - Źródło informacji
- źródło informacji: Ojciec Święty i Rzym / napisał po fr. Mullois. - Warszawa, 1861.
- gdzie znaleziono informację: Tł. z fr.
670 ## - Źródło informacji
- źródło informacji: PseudPP
670 ## - Źródło informacji
- źródło informacji: Estr. XIX
670 ## - Źródło informacji
- źródło informacji: Symbolika, czyli wykład dogmatycznych niezgodności pomiędzy katolikami i protestantami podług ich publicznych wyznań wiary / ułożony przez J. A. Moehlera, z siódmego wyd. niem. przetł. na jęz. pol. przez M. Nowodworskiego. - Warszawa, 1871.
670 ## - Źródło informacji
- źródło informacji: Michał Nowodworski : biskup płocki 1831-1896 / Witold Karpiński. - Płock, 2009.
670 ## - Źródło informacji
- źródło informacji: Przegląd Katolicki. - Warszawa. - R.34 (1896), nr 38- 41.
- gdzie znaleziono informację: Nekrolog (Ś.p. Michał Nowodworski : szkic biograficzny)